Esoteric Superhero Teams Quiz Stats

 Plays Quiz not verified by Sporcle

Score 0/20 Timer 05:00
0 Plays Today
Member(s) Team Name % Correct
Doctor Strange, NamorThe Defenders
85.4%
Owlman, Geo-ForceThe Outsiders
80.1%
Ghost Rider, HerculesThe Champions
68.2%
Mister Immortal, FlatmanGreat Lakes Avengers
62.3%
Century, USAgentForce Works
49%
Jolt, CharcoalThe Redeemers
48.3%
M-11, The UranianAgents of Atlas
45%
Silver Samurai, Honey LemonBig Hero 6
42.4%
Ursa Major, Red GuardianWinter Guard
39.1%
Ariel, Devil DinosaurFallen Angels
37.1%
Member(s) Team Name % Correct
Anthem, HeavyThe Order
30.5%
J2, MainframeA-Next
26.5%
Blade, Hannibal KingNightstalkers
19.9%
Hardball, GravityHeavy Hitters
11.9%
Obituary, OracleO-Force
4%
Two-Gun Kid, KomodoDesert Stars
3.3%
Bluestreak, Crimson CurseDream Team
1.3%
Mister Scarlet, Captain MarvelSquadron of Justice
1.3%
Olympian, Warmaker OneInternational Ultramarine Corps
1.3%
Malcolm Hardy, Jennifer HardyScarlet Knights
0%

You're not logged in!

Compare scores with friends on all Sporcle quizzes.
OR
Log In

Show Comments

Extras

Top Quizzes Today


Score Distribution

Your Account Isn't Verified!

In order to create a playlist on Sporcle, you need to verify the email address you used during registration. Go to your Sporcle Settings to finish the process.

Report this User

Report this user for behavior that violates our Community Guidelines.

Details: